| 000 | 00461cam a2200181ua 4500 | ||
|---|---|---|---|
| 020 | _cRs 9.00 | ||
| 041 |
_aeng _h |
||
| 082 |
_a532.2 _bMCK/HY |
||
| 100 | _aMcKenzie, A E E . | ||
| 245 |
_aHydrostatics and mechanics / _cA E E McKenzie. _hTextual Documents |
||
| 250 |
_a3 / _b. |
||
| 260 |
_aLondon : _bCambridge at the University Press , _c1963. |
||
| 300 | _a272 ; . | ||
| 365 | _aRs 9.00 | ||
| 504 | _a | ||
| 942 | _cBK | ||
| 999 |
_c1490 _d1490 |
||